Aspects of the novel / (Record no. 8846)
[ view plain ]
| 000 -LEADER | |
|---|---|
| fixed length control field | 00363cam a2200145ua 4500 |
| 041 ## - LANGUAGE CODE | |
| Language code of text/sound track or separate title | eng |
| 082 ## - DEWEY DECIMAL CLASSIFICATION NUMBER | |
| Classification number | 825 |
| Item number | FOR/AS |
| 100 ## - MAIN ENTRY--AUTHOR NAME | |
| Personal name | Forster, E.M . |
| 245 ## - TITLE STATEMENT | |
| Title | Aspects of the novel / |
| 260 ## - PUBLICATION, DISTRIBUTION, ETC. (IMPRINT) | |
| Place of publication | London : |
| Name of publisher | Edward Arnold Publications Ltd , |
| Year of publication | 1963. |
| 300 ## - PHYSICAL DESCRIPTION | |
| Number of Pages | 160 ; . |
| 942 ## - ADDED ENTRY ELEMENTS (KOHA) | |
| Koha item type | Books |
| Withdrawn status | Lost status | Damaged status | Home library | Current library | Date acquired | Full call number | Accession Number | Koha item type | Public note |
|---|---|---|---|---|---|---|---|---|---|
| Withdrawn | KAUAET | Sanskrit University | 07/04/2012 | 825 | 6478 | Books | Transferred to Sanskrit University |
